000 01174nam a2200289Ia 4500
003 OSt
005 20221005111034.0
006 a|||||r|||| 00| 0
007 ta
008 221004b |||||||| |||| 00| 0 hin d
020 _a8171198414 (hbk)
_c250
024 _a23231
037 _b214, 16/11/2015, Eastern Book Linkers
_cTextual
040 _aCRL
_cCRL
_bhin
041 _2hin
_ahin
082 _a4,2, 152P3
100 _aमनोहर प्रभाकर
245 0 _aफीचर लेखन
_b स्वरूप और शिल्प
246 _aFīchar lekhana: svarūp aur shilpa
250 _aपरिवर्तित संस्करण
260 _aनई दिल्ली
_bराधाकृष्ण भारत
_c2003
300 _a123पृ0
_ccm.
650 _aहिन्दी पत्रकारिता
700 _a चतुर्वेदी, अरविन्द, संपा.
942 _h4,2, 152P3
_cTEXL
_2cc
999 _c1020624
_d1020624